[Event "SUI-ch 122nd"]
[Site "Leukerbad"]
[Date "2023.07.18"]
[Round "4"]
[White "Hasenohr, Benedict"]
[Black "Colmenares, Aurelio"]
[Result "0-1"]
[WhiteElo "2273"]
[BlackElo "2333"]
[PlyCount "122"]
[EventDate "2023.07.15"]
[EventType "tourn"]
[EventRounds "9"]
[EventCountry "SUI"]
[EventCategory "5"]
[SourceTitle "CBM 215 Extra"]
[Source "ChessBase"]
[SourceDate "2023.09.30"]
[SourceVersion "1"]
[SourceVersionDate "2023.09.30"]
[SourceQuality "1"]

1. d4 Nf6 2. Nc3 d5 3. Bf4 c5 4. e4 Nxe4 5. Nxe4 dxe4 6. dxc5 Nd7 7. b4 e5 8. Be3 Be7 9. c3 0-0 10. Qb3 Nf6 11. Bc4 Ng4 12. Rd1 Qc7 13. Ne2 Nxe3 14. fxe3 Bg4 15. 0-0 Bg5 16. Qc2 Kh8 17. h3 Bxe3+ 18. Kh2 Bh5 19. Qxe4 Bh6 20. Rd6 Bg6 21. Qxe5 Rae8 22. Qg3 Re3 23. Rf3 Rxf3 24. Qxf3 Qe7 25. Qd5 Be4 26. Qd4 f5 27. Rxh6 Qg5 28. g3 Qxh6 29. Nf4 Qf6 30. Ne6 Re8 31. Qxf6 gxf6 32. Nd4 a5 33. b5 Re5 34. c6 bxc6 35. b6 c5 36. Nb3 Re8 37. Nxa5 Rb8 38. Nb3 Rxb6 39. g4 f4 40. Kg1 f5 41. gxf5 Bxf5 42. Kf2 Be4 43. Nxc5 Rb2+ 44. Be2 Bg6 45. Ke1 Bf5 46. a4 Kg7 47. a5 Ra2 48. a6 Kf6 49. Bf3 Ke5 50. Bb7 Kd6 51. Nb3 Bd3 52. Nc1 Ra1 53. a7 Rxa7 54. Nxd3 Rxb7 55. Nxf4 Rf7 56. Ne2 Rf3 57. h4 Kd5 58. Kd2 Kc4 59. h5 Rd3+ 60. Ke1 Rh3 61. Nf4 Rh4 0-1

[Event "Geneve Cavaliers Fous op 8th"]
[Site "Geneve"]
[Date "2022.09.02"]
[Round "1"]
[White "Stalhandske, Julien"]
[Black "Colmenares, Aurelio"]
[Result "0-1"]
[WhiteElo "1684"]
[BlackElo "2342"]
[PlyCount "86"]
[EventDate "2022.09.02"]
[EventType "swiss"]
[EventRounds "7"]
[EventCountry "SUI"]
[SourceTitle "EXT 2024"]
[Source "ChessBase"]
[SourceDate "2023.10.10"]
[SourceVersion "1"]
[SourceVersionDate "2023.10.10"]
[SourceQuality "1"]

1. d4 Nf6 2. c4 g6 3. Nc3 d5 4. cxd5 Nxd5 5. e4 Nxc3 6. bxc3 Bg7 7. Bc4 c5 8. Ne2 Nc6 9. Be3 0-0 10. 0-0 b6 11. Qd2 Bb7 12. Rac1 Rc8 13. Rfd1 cxd4 14. cxd4 e6 15. f3 Qd6 16. Bh6 Rfd8 17. Bxg7 Kxg7 18. Qb2 Kg8 19. Bb3 Na5 20. Rxc8 Rxc8 21. Rc1 Rxc1+ 22. Nxc1 Nc6 23. d5 Qc5+ 24. Kh1 Qe3 25. h3 Nd4 26. dxe6 fxe6 27. Bc4 b5 28. Bb3 a5 29. a4 b4 30. Bc4 Qc3 31. Qxc3 bxc3 32. Nb3 c2 33. Nc1 Bc6 34. Kg1 Bxa4 35. Kf1 Kf8 36. Ke1 e5 37. Kd2 Ke7 38. Ne2 Nxe2 39. Bxe2 Kd6 40. g3 g5 41. h4 h6 42. hxg5 hxg5 43. Bd3 Kc5 0-1

[Event "SUI-ch TP1"]
[Site "Payerne"]
[Date "2022.05.28"]
[Round "6"]
[White "Colmenares, Aurelio"]
[Black "Laurent Paoli, Pierre"]
[Result "1-0"]
[WhiteElo "2318"]
[BlackElo "2486"]
[PlyCount "119"]
[EventDate "2022.05.26"]
[EventType "swiss"]
[EventRounds "7"]
[EventCountry "SUI"]
[SourceTitle "CBM 208 Extra"]
[Source "ChessBase"]
[SourceDate "2022.07.31"]
[SourceVersion "1"]
[SourceVersionDate "2022.07.31"]
[SourceQuality "1"]

1. e4 e6 2. d4 d5 3. Nc3 Nf6 4. Bg5 h6 5. Bxf6 Qxf6 6. exd5 Bb4 7. Bb5+ Bd7 8. Bxd7+ Nxd7 9. dxe6 Qxe6+ 10. Qe2 Bxc3+ 11. bxc3 Qxe2+ 12. Nxe2 0-0-0 13. 0-0-0 Nb6 14. Rhe1 Rd6 15. Nf4 Rhd8 16. Re5 Na4 17. Ne2 Rf6 18. f4 Nb6 19. Re1 Nc4 20. Rc5 Ne3 21. g3 b6 22. Re5 Ng4 23. Re7 h5 24. h3 Nh6 25. Re5 g6 26. Kd2 Nf5 27. Kd3 Nd6 28. a4 Nb7 29. c4 Nc5+ 30. Kc3 Ne6 31. Kd3 Nc5+ 32. Kc3 Ne6 33. h4 Ng7 34. a5 Kb7 35. axb6 axb6 36. Ra1 Nf5 37. d5 Rfd6 38. Nd4 Nxg3 39. Re7 R8d7 40. Rxd7 Rxd7 41. Nc6 Nf5 42. Ra7+ Kc8 43. Kb4 Rd6 44. Ra8+ Kb7 45. Rb8+ Ka6 46. c3 Nxh4 47. Ra8+ Kb7 48. Ra7+ Kc8 49. Kb5 Kd7 50. Ra8 Rxc6 51. dxc6+ Ke6 52. Rc8 Kd6 53. Rd8+ Ke6 54. Rd7 Nf5 55. Rxc7 h4 56. Rd7 Nd6+ 57. Kxb6 h3 58. Rd8 Nxc4+ 59. Kc5 Na5 60. c7 1-0

[Event "Bad Ragaz Accentus YM"]
[Site "Bad Ragaz"]
[Date "2020.03.03"]
[Round "7.1"]
[White "Colmenares, Aurelio"]
[Black "Albornoz Cabrera, Carlos Daniel"]
[Result "0-1"]
[WhiteElo "2302"]
[BlackElo "2566"]
[PlyCount "98"]
[EventDate "2020.02.26"]
[EventType "schev"]
[EventRounds "10"]
[EventCountry "SUI"]
[EventCategory "9"]
[SourceTitle "CBM 195 Extra"]
[Source "ChessBase"]
[SourceDate "2020.05.31"]
[SourceVersion "1"]
[SourceVersionDate "2020.05.31"]
[SourceQuality "1"]
[WhiteTeam "Switzerland"]
[BlackTeam "The World"]
[WhiteTeamCountry "SUI"]

1. e4 c5 2. Nc3 d6 3. f4 g6 4. Nf3 Bg7 5. Bb5+ Bd7 6. Bc4 Nc6 7. d3 Na5 8. Bd2 Nxc4 9. dxc4 Nf6 10. Qe2 Bc6 11. 0-0-0 Nd7 12. g4 Qb6 13. Rhe1 0-0-0 14. Qd3 Nf6 15. g5 Ne8 16. b3 Nc7 17. f5 Bd7 18. Kb1 Rhe8 19. Ne2 Be5 20. Nxe5 dxe5 21. Qf3 Qc6 22. Qg4 Rg8 23. Ng3 h6 24. h4 f6 25. Qe2 hxg5 26. hxg5 Ne8 27. fxg6 Rxg6 28. Qh5 Rg8 29. g6 Nd6 30. Nf5 Bxf5 31. exf5 Rh8 32. Qg4 Rh2 33. Ba5 b6 34. Rd2 Rh6 35. Bc3 Qd7 36. Rf1 Rg8 37. Qf3 Qb7 38. Rd5 Rh4 39. Qg3 Rh5 40. Qg4 Rg5 41. Qh4 Nxf5 42. Qh7 R5xg6 43. Rxf5 e6 44. Rd8+ Rxd8 45. Qxg6 exf5 46. Qxf5+ Qd7 47. Qxf6 e4 48. Kb2 Re8 49. a4 Qe6 0-1

[Event "Bad Ragaz Accentus YM"]
[Site "Bad Ragaz"]
[Date "2020.03.01"]
[Round "5.1"]
[White "Colmenares, Aurelio"]
[Black "Diermair, Andreas"]
[Result "1-0"]
[WhiteElo "2302"]
[BlackElo "2483"]
[PlyCount "71"]
[EventDate "2020.02.26"]
[EventType "schev"]
[EventRounds "10"]
[EventCountry "SUI"]
[EventCategory "9"]
[SourceTitle "CBM 195 Extra"]
[Source "ChessBase"]
[SourceDate "2020.05.31"]
[SourceVersion "1"]
[SourceVersionDate "2020.05.31"]
[SourceQuality "1"]
[WhiteTeam "Switzerland"]
[BlackTeam "The World"]
[WhiteTeamCountry "SUI"]

1. e4 e5 2. Nf3 Nc6 3. Bb5 a6 4. Ba4 Nf6 5. 0-0 Be7 6. Re1 b5 7. Bb3 d6 8. c3 0-0 9. h3 Bb7 10. d4 Re8 11. Nbd2 Bf8 12. a4 h6 13. Bc2 exd4 14. cxd4 Nb4 15. Bb1 c5 16. d5 Nd7 17. Ra3 c4 18. Nd4 Qf6 19. N2f3 Nc5 20. axb5 axb5 21. Nxb5 Rxa3 22. Nxa3 Ncd3 23. Nxc4 Nxe1 24. Nxe1 Ba6 25. Nb6 Bb7 26. Qa4 Qd4 27. Be3 Qxb2 28. Qxe8 Qxb1 29. Nd7 Qxe1+ 30. Kh2 Qc3 31. Qxf8+ Kh7 32. Qxf7 Bc8 33. Nf8+ Kh8 34. Ng6+ Kh7 35. Ne7 Qe5+ 36. Bf4 1-0

[Event "Bad Ragaz Accentus YM"]
[Site "Bad Ragaz"]
[Date "2020.02.29"]
[Round "4.1"]
[White "Donchenko, Alexander"]
[Black "Colmenares, Aurelio"]
[Result "1-0"]
[WhiteElo "2650"]
[BlackElo "2302"]
[PlyCount "67"]
[EventDate "2020.02.26"]
[EventType "schev"]
[EventRounds "10"]
[EventCountry "SUI"]
[EventCategory "9"]
[SourceTitle "CBM 195 Extra"]
[Source "ChessBase"]
[SourceDate "2020.05.31"]
[SourceVersion "1"]
[SourceVersionDate "2020.05.31"]
[SourceQuality "1"]
[WhiteTeam "The World"]
[BlackTeam "Switzerland"]
[BlackTeamCountry "SUI"]

1. Nf3 c5 2. c4 Nc6 3. Nc3 g6 4. e3 Nf6 5. d4 cxd4 6. exd4 d5 7. cxd5 Nxd5 8. Qb3 e6 9. Bb5 Bg7 10. 0-0 0-0 11. Bxc6 bxc6 12. Ne4 a5 13. Bd2 a4 14. Qc2 Ba6 15. Rfe1 Bb5 16. h4 Qe7 17. a3 Rfb8 18. h5 Ra7 19. hxg6 hxg6 20. Ne5 Qd8 21. Rad1 Qe8 22. Nc5 Ne7 23. Qc3 Rd8 24. Ne4 f6 25. Ng4 Nd5 26. Qh3 Re7 27. Bb4 Red7 28. Nc5 Nf4 29. Qf3 Rxd4 30. Rxd4 Rxd4 31. Bc3 Qd8 32. Nb7 Qd5 33. Bxd4 Ne2+ 34. Rxe2 1-0

[Event "Zuerich op 43rd"]
[Site "Zuerich"]
[Date "2019.12.30"]
[Round "7"]
[White "Colmenares, Aurelio"]
[Black "Henderson de la Fuente, Lance"]
[Result "0-1"]
[WhiteElo "2305"]
[BlackElo "2492"]
[PlyCount "66"]
[EventDate "2019.12.26"]
[EventType "swiss"]
[EventRounds "7"]
[EventCountry "SUI"]
[SourceTitle "CBM 194 Extra"]
[Source "ChessBase"]
[SourceDate "2020.03.31"]
[SourceVersion "1"]
[SourceVersionDate "2020.03.31"]
[SourceQuality "1"]

1. e4 c5 2. Nf3 e6 3. d4 cxd4 4. Nxd4 Nc6 5. Nc3 Qc7 6. Be3 a6 7. Qd2 Nf6 8. 0-0-0 Be7 9. f3 b5 10. Nxc6 dxc6 11. g4 e5 12. h4 Be6 13. Qf2 Rd8 14. Rxd8+ Qxd8 15. Bh3 Nd7 16. g5 Bxh3 17. Rxh3 Nf8 18. f4 exf4 19. Bxf4 Ne6 20. Rd3 Qa5 21. Bd6 Bxd6 22. Rxd6 b4 23. Qf5 Qc7 24. Qe5 Qb6 25. Nd1 0-0 26. Qd5 Rd8 27. Rxd8+ Nxd8 28. Qd2 Ne6 29. Ne3 g6 30. c3 Qc5 31. Kc2 Qe5 32. Qd3 Qh2+ 33. Qd2 Qxh4 0-1

[Event "Zuerich op 43rd"]
[Site "Zuerich"]
[Date "2019.12.27"]
[Round "3"]
[White "Colmenares, Aurelio"]
[Black "Svane, Rasmus"]
[Result "0-1"]
[WhiteElo "2305"]
[BlackElo "2597"]
[PlyCount "64"]
[EventDate "2019.12.26"]
[EventType "swiss"]
[EventRounds "7"]
[EventCountry "SUI"]
[SourceTitle "CBM 194 Extra"]
[Source "ChessBase"]
[SourceDate "2020.03.31"]
[SourceVersion "1"]
[SourceVersionDate "2020.03.31"]
[SourceQuality "1"]

1. e4 c6 2. d4 d5 3. Nd2 dxe4 4. Nxe4 Nf6 5. Nxf6+ exf6 6. c3 Bd6 7. Bd3 0-0 8. Ne2 Re8 9. Qc2 h5 10. Be3 Nd7 11. 0-0-0 Nf8 12. Kb1 Be6 13. Bf5 Bd5 14. Nf4 Bxf4 15. Bxf4 Qa5 16. b3 Bxg2 17. Rhe1 Bf3 18. Rc1 Qd5 19. Re3 Bg4 20. Bd3 Ng6 21. Rce1 Rxe3 22. Bxe3 Re8 23. c4 Qd7 24. Kb2 Nh4 25. Qc3 Rd8 26. h3 Bxh3 27. Rh1 Nf3 28. Qa5 Bg4 29. d5 b6 30. Qc3 cxd5 31. cxd5 Rc8 32. Qb4 Qxd5 0-1

[Event "SUI-chT"]
[Site "Switzerland"]
[Date "2019.09.08"]
[Round "7.2"]
[White "Stojanovic, Mihajlo"]
[Black "Colmenares, Aurelio"]
[Result "1-0"]
[WhiteElo "2509"]
[BlackElo "2353"]
[PlyCount "101"]
[EventDate "2019.03.10"]
[EventType "team-tourn"]
[EventRounds "9"]
[EventCountry "SUI"]
[SourceTitle "EXT 2020"]
[Source "ChessBase"]
[SourceDate "2019.10.17"]
[SourceVersion "1"]
[SourceVersionDate "2019.10.17"]
[SourceQuality "1"]
[WhiteTeam "Reti"]
[BlackTeam "Echallens"]
[WhiteTeamCountry "SUI"]
[BlackTeamCountry "SUI"]

1. Nf3 c5 2. c4 Nc6 3. d4 cxd4 4. Nxd4 Nf6 5. Nc3 e6 6. a3 Bc5 7. Nb3 Be7 8. e4 0-0 9. Be2 b6 10. 0-0 Bb7 11. Be3 Rc8 12. f4 d6 13. Bf3 Qc7 14. Rc1 Qb8 15. Kh1 Na5 16. Nxa5 bxa5 17. Qd4 Nd7 18. b4 axb4 19. axb4 Rfd8 20. Be2 a5 21. bxa5 Nc5 22. Qd1 Bf6 23. Bf3 Qa8 24. Bd2 Bxc3 25. Bxc3 Bxe4 26. Qd4 f6 27. Bxe4 Nxe4 28. Bb4 Nc5 29. Qe3 Re8 30. Rfd1 Qc6 31. Bxc5 dxc5 32. Ra1 Rcd8 33. Rxd8 Rxd8 34. a6 Ra8 35. a7 Qb6 36. Qa3 Kf7 37. Kg1 Qc7 38. g3 Qd6 39. Qe3 Qb6 40. Qa3 Qc7 41. h4 e5 42. f5 g6 43. fxg6+ hxg6 44. Kh2 e4 45. Qa6 Qe7 46. Qb6 e3 47. Qb8 Qe4 48. Qc7+ Ke8 49. Qxc5 Rd8 50. Qd5 Qc2+ 51. Qg2 1-0

[Event "SUI-chT"]
[Site "Switzerland"]
[Date "2019.09.07"]
[Round "6.2"]
[White "Colmenares, Aurelio"]
[Black "Edouard, Romain"]
[Result "0-1"]
[WhiteElo "2353"]
[BlackElo "2640"]
[PlyCount "74"]
[EventDate "2019.03.10"]
[EventType "team-tourn"]
[EventRounds "9"]
[EventCountry "SUI"]
[SourceTitle "EXT 2020"]
[Source "ChessBase"]
[SourceDate "2019.10.17"]
[SourceVersion "1"]
[SourceVersionDate "2019.10.17"]
[SourceQuality "1"]
[WhiteTeam "Echallens"]
[BlackTeam "Geneve"]
[WhiteTeamCountry "SUI"]
[BlackTeamCountry "SUI"]

1. e4 c5 2. Nc3 g6 3. g3 Bg7 4. Bg2 Nc6 5. d3 d6 6. Be3 Rb8 7. a4 a6 8. Nge2 Nd4 9. 0-0 b5 10. axb5 axb5 11. Nf4 Nf6 12. Nb1 e5 13. Ne2 Be6 14. Nc1 0-0 15. c3 Nc6 16. h3 Qd7 17. Kh2 Ne8 18. f4 f5 19. exf5 Rxf5 20. g4 Rf8 21. Ne2 Nf6 22. Ng3 exf4 23. Bxf4 Nd5 24. Bxd5 Bxd5 25. Nd2 Ne5 26. Nde4 Rbe8 27. Ra6 Bc6 28. d4 cxd4 29. cxd4 Nxg4+ 30. Qxg4 Qxg4 31. hxg4 Bxe4 32. Rxd6 Bd3 33. Rf3 Bc4 34. Re3 Ra8 35. Be5 Bh6 36. Rd7 Rf2+ 37. Kh3 Bxe3 0-1

[Event "Bad Ragaz Accentus YM"]
[Site "Bad Ragaz"]
[Date "2019.03.06"]
[Round "8"]
[White "Wagner, Dennis"]
[Black "Colmenares, Aurelio"]
[Result "1-0"]
[WhiteElo "2587"]
[BlackElo "2335"]
[PlyCount "69"]
[EventDate "2019.02.27"]
[EventType "tourn"]
[EventRounds "9"]
[EventCountry "SUI"]
[EventCategory "9"]
[SourceTitle "CBM 189 Extra"]
[Source "ChessBase"]
[SourceDate "2019.06.03"]
[SourceVersion "1"]
[SourceVersionDate "2019.06.03"]
[SourceQuality "1"]

1. d4 Nf6 2. Nf3 d5 3. c4 e6 4. g3 Be7 5. Bg2 0-0 6. Qc2 dxc4 7. Qxc4 a6 8. Qc2 Nc6 9. 0-0 Bd6 10. Rd1 Qe7 11. Nc3 h6 12. h3 Bd7 13. e4 e5 14. dxe5 Nxe5 15. Nh4 Bc5 16. Bf4 b6 17. Nf5 Qe6 18. Nd5 Nxd5 19. Rxd5 f6 20. b4 c6 21. Rxd7 Bxf2+ 22. Qxf2 Qxd7 23. Qxb6 Rfb8 24. Qc5 Rb5 25. Qc3 a5 26. bxa5 Rbxa5 27. a3 Qa7+ 28. Kh2 Qd7 29. Be3 Kh7 30. Bd4 Nf7 31. Bxf6 gxf6 32. Qxf6 Ne5 33. Rd1 Qf7 34. Qxh6+ Kg8 35. Qg5+ 1-0

[Event "Zuerich op 42nd"]
[Site "Zuerich"]
[Date "2018.12.28"]
[Round "4"]
[White "Istratescu, Andrei"]
[Black "Colmenares, Aurelio"]
[Result "1/2-1/2"]
[WhiteElo "2564"]
[BlackElo "2335"]
[PlyCount "236"]
[EventDate "2018.12.26"]
[EventType "swiss"]
[EventRounds "7"]
[EventCountry "SUI"]
[SourceTitle "CBM 188 Extra"]
[Source "ChessBase"]
[SourceDate "2019.02.26"]
[SourceVersion "1"]
[SourceVersionDate "2019.02.26"]
[SourceQuality "1"]

1. e4 c5 2. Nf3 Nc6 3. Bb5 g6 4. 0-0 Bg7 5. Re1 e5 6. Bxc6 dxc6 7. d3 Qe7 8. Nbd2 Nf6 9. Nc4 Nd7 10. a4 0-0 11. Bd2 Rd8 12. Qb1 Nf8 13. h3 Qc7 14. Bc3 f6 15. b4 cxb4 16. Bxb4 Be6 17. Ne3 Bf7 18. a5 Ne6 19. Bd2 Nf4 20. h4 h5 21. g3 Ne6 22. Qb2 Rd7 23. Reb1 Re8 24. Qc1 Nd4 25. Nxd4 exd4 26. Nf1 c5 27. Bh6 Bh8 28. Bf4 Qc6 29. Nd2 Be6 30. Qb2 Bg7 31. Qb5 Qc8 32. Nc4 Bf8 33. Qa4 Qd8 34. a6 bxa6 35. Rb8 Qe7 36. Bd6 Qf7 37. Rxe8 Qxe8 38. Bxf8 Qxf8 39. Qxa6 Qe7 40. Na5 Rd6 41. Qb7 Rd7 42. Qb8+ Qf8 43. Qf4 Kg7 44. Nb3 c4 45. Nd2 cxd3 46. cxd3 Qc5 47. Nf3 Qb6 48. Qd2 Bg4 49. Nh2 Bh3 50. Nf3 Bg4 51. Kg2 Bxf3+ 52. Kxf3 Qe6 53. Kg2 f5 54. exf5 Qd5+ 55. Kg1 Qxf5 56. Re1 Qf3 57. Re4 a5 58. Qxa5 Qxd3 59. Qe5+ Kh7 60. Qe8 Rb7 61. Kg2 Qc3 62. Re6 Qd3 63. Rd6 Qf5 64. Rxd4 Rf7 65. Qe3 Qf6 66. Re4 Qc6 67. Kg1 Qb7 68. Qe1 Rd7 69. Kh2 Rf7 70. Re3 Qb2 71. Re2 Qd4 72. Rd2 Qb6 73. Kg1 Qb4 74. Qd1 Qe4 75. Rd3 Qf5 76. Qe2 Qf6 77. Re3 Qa1+ 78. Kg2 Qa8+ 79. Kh2 Qd5 80. Kg1 Qf5 81. Rb3 Qd5 82. Rb1 Qf5 83. Rb8 Qf6 84. Qd2 Qe5 85. Rb1 Qf5 86. Qa2 Qf3 87. Re1 Qf5 88. Re3 Qf6 89. Qc2 Qa1+ 90. Kg2 Qa8+ 91. Kh2 Qd5 92. Kg1 Qf5 93. Qe2 Qb1+ 94. Kg2 Qb7+ 95. Re4 Qd5 96. Kg1 Qf5 97. Rf4 Qb1+ 98. Kh2 Rxf4 99. gxf4 Qf5 100. Qe5 Qg4 101. Qe7+ Kg8 102. Qg5 Qf5 103. Kg3 Kf7 104. f3 Qb1 105. Qd5+ Kg7 106. Qd4+ Kf7 107. Qc4+ Kg7 108. Qc7+ Kf6 109. Qc3+ Kf7 110. Kf2 Qb6+ 111. Ke2 Qb5+ 112. Qd3 Qb2+ 113. Ke3 Qc1+ 114. Qd2 Qc5+ 115. Kd3 Qd6+ 116. Kc2 Qc5+ 117. Kd3 Qd6+ 118. Kc2 Qc5+ 1/2-1/2

[Event "SUI-chT"]
[Site "Switzerland"]
[Date "2018.10.28"]
[Round "9.1"]
[White "Godena, Michele"]
[Black "Colmenares, Aurelio"]
[Result "1-0"]
[WhiteElo "2505"]
[BlackElo "2373"]
[PlyCount "103"]
[EventDate "2018.03.25"]
[EventType "team-tourn"]
[EventRounds "9"]
[EventCountry "SUI"]
[SourceTitle "CBM 187 Extra"]
[Source "ChessBase"]
[SourceDate "2018.11.04"]
[SourceVersion "1"]
[SourceVersionDate "2018.11.04"]
[SourceQuality "1"]
[WhiteTeam "Mendrisio"]
[BlackTeam "Echallens"]
[WhiteTeamCountry "SUI"]
[BlackTeamCountry "SUI"]

1. e4 d6 2. d4 Nf6 3. Nd2 e5 4. c3 exd4 5. cxd4 Nc6 6. Ngf3 Bg4 7. Bb5 a6 8. Bxc6+ bxc6 9. Qc2 Qd7 10. b3 Be7 11. Bb2 0-0 12. Rc1 Bxf3 13. Nxf3 d5 14. e5 Ne4 15. 0-0 c5 16. Rfd1 Rfd8 17. Ba3 cxd4 18. Bxe7 Qxe7 19. Qxc7 Qxc7 20. Rxc7 Nc3 21. Rd2 Rac8 22. Rxc8 Rxc8 23. Kf1 Ne4 24. Rxd4 Rc2 25. Rxd5 h6 26. Rd4 Nc3 27. Rc4 Rc1+ 28. Ne1 Nxa2 29. Ra4 Nc3 30. Rxa6 Nb5 31. Ra8+ Kh7 32. Rd8 Kg6 33. Rd5 Nc7 34. Rd6+ Kf5 35. Ke2 Kxe5 36. Nd3+ Kxd6 37. Nxc1 Kc5 38. Kd3 Nd5 39. Ke4 Nc3+ 40. Ke5 Kb4 41. Kd6 Nd1 42. Ke7 f5 43. Kf7 Nxf2 44. Kxg7 Ng4 45. h3 Ne3 46. Kxh6 Nxg2 47. Kg5 f4 48. Kg4 Kc3 49. Kf3 Ne1+ 50. Kxf4 Kc2 51. h4 Kxc1 52. h5 1-0

[Event "SUI-chT"]
[Site "Switzerland"]
[Date "2018.07.01"]
[Round "5.2"]
[White "Colmenares, Aurelio"]
[Black "Gallagher, Joseph G"]
[Result "0-1"]
[WhiteElo "2373"]
[BlackElo "2453"]
[PlyCount "38"]
[EventDate "2018.03.25"]
[EventType "team-tourn"]
[EventRounds "9"]
[EventCountry "SUI"]
[SourceTitle "EXT 2019"]
[Source "ChessBase"]
[SourceDate "2018.10.10"]
[SourceVersion "1"]
[SourceVersionDate "2018.10.10"]
[SourceQuality "1"]
[WhiteTeam "Echallens"]
[BlackTeam "Reti"]
[WhiteTeamCountry "SUI"]
[BlackTeamCountry "SUI"]

1. e4 c5 2. Nf3 d6 3. c3 Nf6 4. h3 Bd7 5. Bd3 Bc6 6. Qe2 e6 7. Bc2 Be7 8. d4 Nbd7 9. 0-0 0-0 10. c4 cxd4 11. Nxd4 Qb6 12. Rd1 Rfc8 13. Nc3 Ne5 14. b3 Ng6 15. Be3 Qa5 16. Qe1 a6 17. Nxc6 Rxc6 18. a4 Re8 19. Nd5 Qxe1+ 0-1

[Event "Zuerich op-A 41st"]
[Site "Zuerich"]
[Date "2017.12.29"]
[Round "5"]
[White "Colmenares, Aurelio"]
[Black "Cvitan, Ognjen"]
[Result "1/2-1/2"]
[WhiteElo "2368"]
[BlackElo "2484"]
[PlyCount "57"]
[EventDate "2017.12.26"]
[EventType "swiss"]
[EventRounds "7"]
[EventCountry "SUI"]
[SourceTitle "CBM 182 Extra"]
[Source "ChessBase"]
[SourceDate "2018.02.23"]
[SourceVersion "1"]
[SourceVersionDate "2018.02.23"]
[SourceQuality "1"]

1. d4 Nf6 2. Bg5 d5 3. e3 g6 4. Bxf6 exf6 5. c4 dxc4 6. Bxc4 Bd6 7. Nc3 f5 8. Qf3 0-0 9. h4 h5 10. Nge2 Nd7 11. Nf4 Kg7 12. Bxf7 Bxf4 13. Bxg6 Kxg6 14. Qxf4 Nf6 15. Rh3 Qd6 16. Rg3+ Kh7 17. Qf3 f4 18. Qxf4 Qxf4 19. exf4 Bf5 20. f3 Rad8 21. Rg5 Bg6 22. Rd1 Rd7 23. Re5 Rfd8 24. g3 c6 25. Ke2 Bf7 26. Ke3 Rg8 27. Kf2 Rgd8 28. Ke3 Rg8 29. Kf2 1/2-1/2

[Event "Lugano op"]
[Site "Lugano"]
[Date "2017.11.05"]
[Round "4"]
[White "Colmenares, Aurelio"]
[Black "Zujev, Oleg"]
[Result "1/2-1/2"]
[WhiteElo "2375"]
[BlackElo "2366"]
[PlyCount "72"]
[EventDate "2017.11.03"]
[EventType "swiss"]
[EventRounds "5"]
[EventCountry "SUI"]
[SourceTitle "CBM 181 Extra"]
[Source "ChessBase"]
[SourceDate "2017.12.12"]
[SourceVersion "1"]
[SourceVersionDate "2017.12.12"]
[SourceQuality "1"]

1. e4 c6 2. d4 d5 3. e5 Bf5 4. Nf3 e6 5. Be2 Nd7 6. 0-0 Ne7 7. Nbd2 Nc8 8. a4 Be7 9. a5 a6 10. c4 Na7 11. Qb3 Qc7 12. Re1 0-0 13. Nf1 dxc4 14. Bxc4 Nb5 15. h3 Rfe8 16. Ng3 Bg6 17. Bd2 b6 18. h4 h6 19. h5 Bh7 20. Qe3 bxa5 21. Bxa5 Qb7 22. Ne4 Nb6 23. Bxb6 Qxb6 24. Red1 Red8 25. Qf4 Ra7 26. Rd2 Rad7 27. Nf6+ gxf6 28. exf6 Bf8 29. Ne5 Kh8 30. Nxd7 Rxd7 31. Rad1 Qd8 32. g4 Qc7 33. Qe3 Qd8 34. Qf4 Qc7 35. Qe3 Qd8 36. Qf4 Qc7 1/2-1/2

[Event "Mitropa Cup 36th"]
[Site "Balatonszarszo"]
[Date "2017.09.17"]
[Round "1.16"]
[White "Colmenares, Aurelio"]
[Black "Tica, Sven"]
[Result "0-1"]
[WhiteElo "2397"]
[BlackElo "2389"]
[PlyCount "148"]
[EventDate "2017.09.17"]
[EventType "team-tourn"]
[EventRounds "9"]
[EventCountry "HUN"]
[SourceTitle "CBM 180 Extra"]
[Source "ChessBase"]
[SourceDate "2017.10.06"]
[SourceVersion "1"]
[SourceVersionDate "2017.10.06"]
[SourceQuality "1"]
[WhiteTeam "Switzerland"]
[BlackTeam "Croatia"]
[WhiteTeamCountry "SUI"]
[BlackTeamCountry "CRO"]

1. e4 c6 2. d4 d5 3. e5 Bf5 4. h4 h5 5. Bd3 Bxd3 6. Qxd3 Qa5+ 7. Nd2 e6 8. Ngf3 Qa6 9. c4 Ne7 10. 0-0 Nf5 11. Qc2 Be7 12. b4 Nd7 13. b5 Qb6 14. c5 Qxb5 15. Rb1 Qa6 16. Rb3 b6 17. cxb6 axb6 18. Qxc6 Rc8 19. Qb5 Qxb5 20. Rxb5 Nxh4 21. Nxh4 Bxh4 22. Nf3 Be7 23. Bd2 Ra8 24. Rc1 0-0 25. Rc7 Rfd8 26. Rb2 Kf8 27. Rbc2 Ke8 28. Kf1 Rdb8 29. Ke2 b5 30. Bg5 f6 31. exf6 gxf6 32. Bf4 Rb6 33. Rc8+ Rxc8 34. Rxc8+ Kf7 35. Ra8 Rc6 36. Kd3 b4 37. Ra7 Rc3+ 38. Ke2 Nb6 39. Bd2 Rc4 40. Be3 Nc8 41. Ra8 Nd6 42. Nd2 Rc3 43. Ra7 Nf5 44. Nb3 Kg6 45. Bd2 Rc4 46. Kd3 Bd6 47. Ra6 h4 48. Ra5 Kf7 49. Ra7+ Be7 50. Ra5 Rc8 51. Ke2 Rb8 52. Kf3 Rb7 53. Ke2 Bd6 54. Kd3 Ke7 55. Be1 Kd7 56. Ra8 Rc7 57. Ra4 Rb7 58. Ra8 e5 59. f3 Rc7 60. Rh8 Rc4 61. Bxh4 Nxd4 62. Bxf6 Rc3+ 63. Kd2 Rc2+ 64. Kd3 Rc3+ 65. Kd2 Nxb3+ 66. axb3 Rxb3 67. Kc2 Rc3+ 68. Kb2 Re3 69. Rg8 Bc5 70. Rb8 Ke6 71. Bh8 Bd4+ 72. Kc2 Bc3 73. Re8+ Kf7 74. Rd8 b3+ 0-1